000 00341nam a2200145 i 4500
001 bg
100 1 _aBARCIKOWSKI, Kazimierz
245 0 _aPorozumienia /
_cK. Barcikowski.
260 _aWarszawa,
_c1983.
040 _cBPK
041 _apol
080 _a323:329:331.881(438)"19"
942 _cKS
008 s pl f |000 0 pol
999 _c1927
_d1927
856 _uhttp://koha.tu.koszalin.pl/cgi-bin/koha/opac-detail.pl?biblionumber=1927
_yKatalog online BPK